Град (Запис номер 152914)
[ съкратено ]
| 000 -Лидер | |
|---|---|
| Контролно поле с фиксирана дължина | 03764nam a2200361 c 4500 |
| 003 - Код на организацията, давaща контролен номер | |
| Контролно поле | BLK |
| 005 - Дата и час на последна редакция | |
| Контролно поле | 20240313005526.0 |
| 008 - Елементи от данни с фиксирана дължина | |
| fixed length control field | 180410b bul|||||r ||||||| ||bul|| |
| 010 ## - Наследен системен номер | |
| LC control number | KNG00159433000 |
| 040 ## - Източник на каталожния запис | |
| Идентификатор на билиотеката - собственик на записа | BLK |
| 041 ## - Код за език | |
| Код за езика на текст/звукозапис или на отделно заглавие | Български |
| Код за езика КДБФ | Български |
| 080 ## - УДК | |
| Текстов определител УДК | Новогръцка литература |
| УДК код - определител по УДК | 821.146 |
| УДК определител | -1 |
| УДК - код + определител | 821.146-1 |
| 100 1# - Редна дума - Автор | |
| Автор | Диктеос, Арис |
| Авторска отговорност | първи автор |
| R(LIN) | 61517 |
| 139 ## - Редно поле | |
| Редна дума | Диктеос, Арис |
| Авторски знак | Дико - Д 54 |
| 245 10 - Сведения за заглавието | |
| Заглавие | Град |
| Подзаглавни данни | Избрани стихотворения |
| Редно поле (дума) | Арис Диктеос; подб. и прев. от гр. Стефан Албертов Гечев; с предг. от Стефан Албертов Гечев. |
| 257 ## - Страна на издаване | |
| Страна на създаване/издаване | Гърция |
| 260 ## - Област на издателските данни | |
| Име на издателя, разпространителя и проч. | Нар. култура |
| Година на издаване | 1967 |
| 300 ## - Физическа характеристика | |
| Страници | 120 с. |
| Илюстрации и др. | 1 л. портр. |
| Размери/Мащаб | 16 см |
| 380 ## - Жанр | |
| Жанр | Худож. лит. |
| 490 1# - СЕРИИ (Колекции) | |
| Име на серия | Библиотека Съвременни поети |
| 500 ## - Общи забележки | |
| Забележка | 3 100 тир. |
| 700 ## - Други автори (авторска отговорност) | |
| Лично име | Гечев, Стефан Албертов |
| 9 (RLIN) | 363585 |
| 700 ## - Други автори (авторска отговорност) | |
| Лично име | Гечев, Стефан Албертов |
| 9 (RLIN) | 363585 |
| 762 ## - Описание на подсерията (дигитална колекция) | |
| 9 (RLIN) | 440302 |
| Име на дигиталната колекция | Стефан Гечев - поет, прозаик, драматург, преводач |
| Резюме на колекция | 110 години от рождението на Стефан Гечев |
| Описание на колекция | Стефан Гечев обогатява интелектуалната ни история с много книги и публикации в сборници и периодични издания, включващи стихове, разкази, романи, пиеси, публицистика. Той е автор на криминални романи, написани под псевдонима Венцеслав Диаватов, съставител и автор на предговори към антологии и книги на чужди автори, издадени в България. Стефан Гечев оставя сериозна следа след себе си с преводите си от гръцки, френски, чешки, словенски, руски, немски и други езици. Той е национален творец, чието цялостно творчество се вписва в българската литература през последните десетилетия, а уникалността на преводите му са националният ни принос в опознаване и разбиране на чуждата култура и идентичност. |
| Номер на изображение | 1 |
| 763 ## - Описание на подсерията (дигитални колекции - автор) | |
| Друга информация | Съдържа: Стихотворения (1935-1953): Бог на расата; Откъс; Най-големият урок; История; Царевиците; Малка елегия за една изчезнала ръка; Усепти; Краят на пътуването. Град – 1955 – 1965 г.: Молитва; Живот; Красота; Поезия; Музеят; Богът-Цар; Фестос; Улица Калидромиу № 74; Христос в Дафни. Историята на рая: Едно кърмаче; Едно дете; Един юноша; Един мъж; Един старец; Победител 1959 г.; Парад; Един ергенин; Един болен; Домът; Цялостният; Голият. В Боянската черкова: 1. Евплиос; 2. Тайната вечеря; 3. Свети Никола; Свети Марко; Дъждът, той и другите; Лято 1956. |
| Номера от таг 762 подп. 9 | 440302 |
| Номер на изображение | 1 |
| 852 ## - Местоположение | |
| Форматна сигнатура | Цб І 9671 |
| 856 4# - Електронен адрес и достъп | |
| Електронен формат | pdf - файл |
| 856 4# - Електронен адрес и достъп | |
| Електронен формат | pdf - файл |
| 999 ## - СИСТЕМНИ КОНТРОЛНИ НОМЕРА | |
| Koha biblionumber | 152914 |
| Koha biblioitemnumber | 152914 |
| 942 ## - АРТИКУЛИ | |
| Вид на библиотечния материал | Книги |
| Скрит в OPAC | Не |
| Периодичен библиозапис | Да |
| 944 ## - СЪЗДАВАНЕ И РЕДАКЦИЯ на ЗАПИСА | |
| Създаване/Редакция | Създаване |
| Дата на регистрацията/редакция | 08.04.2014 |
| Статус, дата на статуса | CRON CRON |
| Служител, извършил регистрацията/редакцията | |
| 944 ## - СЪЗДАВАНЕ И РЕДАКЦИЯ на ЗАПИСА | |
| Създаване/Редакция | Редакция |
| Дата на регистрацията/редакция | 08.04.2014 |
| Статус, дата на статуса | 08.04.2014 - от С1,Р / 08.04.2014 |
| 999 ## - СИСТЕМНИ КОНТРОЛНИ НОМЕРА | |
| Koha biblioitemnumber | 152914 |
| Код за отписване | Код за изгубен артикул | Източник на класификационната схема | Код за повреда | Коз за рестрикции | Код за отдаване | Артикулен № | Име на библиотеката - собственик | Име на библиотеката, в която се намира в момента | Статус (Текущо местоположение) | Дата на вписване в системата | Местоположение - отдел | Цена в лева | Инвентарен номер | Систематично азбучна сигнатура | Баркод | Номер на екземпляра | Цена в евро | Служебна бележка | Служебен тип на артикула |
|---|---|---|---|---|---|---|---|---|---|---|---|---|---|---|---|---|---|---|---|
| Не е изгубен | Universal Decimal Classification | Не е повреден | само за читалня | ползва се в читалня | 255833 | Регионална библиотека "Любен Каравелов" Русе | Регионална библиотека "Любен Каравелов" Русе | Хранилище | 1967-01-01 | Хранилище | 0.57 | 2596/68 | Цб І 9671 | 900000030171 | 1 | 0.29 | N: стар фонд Дата: 01.01.1967 | Книги | |
| Изтеглен | Не е изгубен | Universal Decimal Classification | Не е повреден | без рестрикции | заемане за дома | 255834 | Регионална библиотека "Любен Каравелов" Русе | Регионална библиотека "Любен Каравелов" Русе | Заемна - подръчен фонд | 1967-01-01 | Заемна - подръчен фонд | 0.00 | 2298/68 | П 877.4-1/Д 54 | 2298/68 | 2 | 0.00 | N: стар фонд Дата: 01.01.1967 | Книги |
| Изтеглен | Не е изгубен | Universal Decimal Classification | Не е повреден | без рестрикции | заемане за дома | 255835 | Регионална библиотека "Любен Каравелов" Русе | Регионална библиотека "Любен Каравелов" Русе | Заемна - подръчен фонд | 1967-01-01 | Заемна - подръчен фонд | 0.00 | 2299/68 | П 877.4-1/Д 54 | 2299/68 | 3 | 0.00 | N: стар фонд Дата: 01.01.1967 | Книги |